[Event "Sharjah Blitz op 27th"]
[Site "Sharjah"]
[Date "2022.04.08"]
[Round "4"]
[White "Al Namas, Kanan"]
[Black "Jay, Bhavik Shah"]
[Result "1-0"]
[WhiteElo "1516"]
[BlackElo "1150"]
[PlyCount "74"]
[EventDate "2022.04.08"]
[EventType "swiss (blitz)"]
[EventRounds "9"]
[EventCountry "UAE"]
[SourceTitle "CBM 207 Extra"]
[Source "ChessBase"]
[SourceDate "2022.05.31"]
[SourceVersion "1"]
[SourceVersionDate "2022.05.31"]
[SourceQuality "1"]

1. e4 c6 2. d4 d5 3. e5 Bf5 4. f4 c5 5. c3 e6 6. Nf3 Nc6 7. Be2 cxd4 8. cxd4 Qb6 9. 0-0 Bb4 10. a3 Be7 11. Nc3 Bg4 12. Na4 Qc7 13. b4 a6 14. Be3 Nh6 15. Rc1 Qd7 16. Nb6 Qd8 17. Nxa8 Qxa8 18. h3 Bh5 19. b5 axb5 20. Bxb5 0-0 21. a4 Nf5 22. Bf2 Bxf3 23. gxf3 Na5 24. Kh2 f6 25. Qd2 fxe5 26. fxe5 h6 27. Rg1 Kh7 28. Rc7 Qb8 29. Qc2 Nc4 30. Rxe7 Kh8 31. Rd7 Nb6 32. Rc7 Na8 33. Rc3 Nb6 34. Bd3 Qe8 35. Bxf5 exf5 36. Rc7 Nc4 37. Rgxg7 Rf7 1-0